Identificación, caracterización y valoración económica : (Registro nro. 2254)

Detalles MARC
000 -CABECERA
Campo de control 01282nam a2200301 a 4500
005 - FECHA Y HORA DE LA ULTIMA TRANSACCION
Campo de control 20191224041629.0
008 - ELEMENTOS DE LONGITUD FIJA—INFORMACION GENERAL
Campo de control 140304s2000 ck abd g |||| 000 0 spa d
040 ## - FUENTE DE CATALOGACIÓN
Agencia catalogadora original CO-BoIAVH
Agencia transcriptora CO-BoIAVH
041 0# - IDIOMA
Código de idioma para texto/pista de sonido o título separado Español
044 ## - PAÍS DE PUBLICACIÓN
País de publicación Colombia
082 04 - NUMERO DE CLASIFICACION DECIMAL DEWEY
Número de clasificación 354
Número del ítem C82i
110 2# - ASIENTO PRINCIPAL--NOMBRE CORPORATIVO
Unidad subordinad Corporación Autónoma Regional del Centro de Antioquia
9 (RLIN) 3943
245 10 - MENCION DE TITULO
Título Identificación, caracterización y valoración económica :
Parte restante del título de los servicios ambientales prestados por ecosistemas localizados en el área de influencia del Valle de Aburrá /
Mención de responsabilidad Corporación Autónoma Regional del Centro de Antioquia
260 ## - PUBLICACION, DISTRIBUCION, ETC. (PIE DE IMPRENTA)
Lugar de publicación, distribución, etc. Medellín :
Nombre del editor, distribuidor, etc. Corporación Autónoma Regional del Centro de Antioquia,
Fecha de publicación, distribución, etc. 2000.
300 ## - DESCRIPCION FISICA
Extensión 117 páginas :
Otros detalles físicos ilustraciones, mapas, gráficos ;
Dimensiones 28 x 22 cm.
650 #6 - ASIENTO SECUNDARIO DE MATERIA - TERMINO TEMATICO
Término temático o nombre geográfico como elemento de entrada Servicios ambientales
9 (RLIN) 53626
650 #6 - ASIENTO SECUNDARIO DE MATERIA - TERMINO TEMATICO
Término temático o nombre geográfico como elemento de entrada Valoración económica
9 (RLIN) 4196
650 #6 - ASIENTO SECUNDARIO DE MATERIA - TERMINO TEMATICO
Término temático o nombre geográfico como elemento de entrada Ecosistemas
9 (RLIN) 92256
650 #6 - ASIENTO SECUNDARIO DE MATERIA - TERMINO TEMATICO
Término temático o nombre geográfico como elemento de entrada Ecosistemas estratégicos
9 (RLIN) 3520
650 #6 - ASIENTO SECUNDARIO DE MATERIA - TERMINO TEMATICO
Término temático o nombre geográfico como elemento de entrada Caracterización biológica
9 (RLIN) 2833
650 #6 - ASIENTO SECUNDARIO DE MATERIA - TERMINO TEMATICO
Término temático o nombre geográfico como elemento de entrada Política ambiental
9 (RLIN) 53628
650 #6 - ASIENTO SECUNDARIO DE MATERIA - TERMINO TEMATICO
Término temático o nombre geográfico como elemento de entrada Manejo de ecosistemas
9 (RLIN) 92251
662 ## - ASIENTO SECUNDARIO DE MATERIA - JERARQUIA DEL NOMBRE DE LUGAR(
País o entidad mayor Colombia
Jurisdicción política intermedia Valle de Aburrá
Jurisdicción política de primer orden Antioquia
700 1# - ASIENTO SECUNDARIO - NOMBRE PERSONAL
Nombre personal Agudelo Patiño, Luis Carlos
9 (RLIN) 15160
700 1# - ASIENTO SECUNDARIO - NOMBRE PERSONAL
Nombre personal Vélez Escobar, Norberto
9 (RLIN) 14496
700 1# - ASIENTO SECUNDARIO - NOMBRE PERSONAL
Nombre personal Vazquez Franco, Dora Ligia
9 (RLIN) 15161
942 ## - ELEMENTOS ADICIONALES (KOHA)
Tipo de ítem Libro
Sistema de clasificación Dewey Decimal Classification
Existencias
Withdrawn status Lost status Sistema de Clasificación Damaged status No para préstamo Colección Inventariado Ubicación Permanente Ubicación actual Fecha de adquisición Fuente de Valor Valor Total Checkouts Número topográfico Inventario / Código de Barras Date last seen Ejemplar Price effective from Forma de adquisición Tipo de material
    Dewey Decimal Classification     General Inventariado 2017 Bogotá Bogotá 18/05/2001 Instituto 39000.00   LB-354 C82i 002817 04/12/2012 Ej. 1 04/12/2012   Libro